000 01497nam a2200313 4500
003 OSt
005 20240516113955.0
007 cr ||||||a|c|a
008 240515s2023 mx a|||fom||| 001 0 spa d
040 _erda
100 1 _9189091
_aHerrera Flores, Oseas
245 1 _aIndices de vegetación y uso de suelo en la región terrestre prioritaria La Malinche /
_cpor Laura Alicia Ibañez Castillo; secretario Gilberto de Jesús López Canteñs; vocal Ronald Ernesto Ontiveros Capurata; suplente Francisco García Herrera; suplente José Reyes Sánchez
264 1 _aChapingo, México :
_bEl autor,
_c2023.
300 _a1 recurso en línea (44 páginas):
_bIlustraciones. cuadros, tablas.
336 _2rdacontent
_atexto
_btxt
337 _2rdamedia
_acomputadora
_bc
338 _2rdacarrier
_arecurso en línea
_bcr
502 _bII
_cIrrigación
_d2023
_gLIC
504 _aIncluye referencias bibliográficas: páginas 34-38
650 4 _9130980
_aBiodiversidad
_zMéxico
650 2 _9124874
_aMonitoreo de la vegetación
700 1 _957233
_aIbáñez Castillo, Laura Alicia
_eDirección
700 1 _967746
_aLópez Canteñs, Gilberto de Jesús
_eSecretario
700 1 _983334
_aOntiveros Capurata, Ronald Ernesto
_eVocal
700 1 _946137
_aGarcía Herrera, Francisco
_eSuplente
700 1 _996990
_aReyes Sánchez, José
_eSuplente
856 _uhttp://10.13.5.2/tesis/tl/1811190-2_HERRERA_FLORES_OSEAS.pdf
_zDESCARGAR PDF
942 _2Clasificación Universidad Autónoma Chapingo
_cTD
999 _c219911
_d219911